[Event "CRO-chT (Women)"]
[Site "Sibenik"]
[Date "2010.09.10"]
[Round "7"]
[White "Jelica, Mara"]
[Black "Kruljac, Nina"]
[Result "1-0"]
[WhiteElo "2211"]
[BlackElo "2261"]
[PlyCount "137"]
[EventDate "2010.09.04"]
[EventType "team-tourn"]
[EventRounds "9"]
[EventCountry "CRO"]
[SourceTitle "CBM 138 Extra"]
[Source "ChessBase"]
[SourceDate "2010.10.29"]
[SourceVersion "1"]
[SourceVersionDate "2010.10.29"]
[SourceQuality "1"]

1. e4 e5 2. Nf3 Nc6 3. d4 exd4 4. Nxd4 Bc5 5. Nb3 Bb6 6. Nc3 d6 7. a4 a6 8. Nd5 Ba7 9. Qf3 Be6 10. Qg3 Bxd5 11. exd5 Nb4 12. Qc3 Qh4 13. Be3 Nxc2+ 14. Qxc2 Bxe3 15. Bd3 Ne7 16. 0-0 Bg5 17. Qxc7 0-0 18. Qa5 Rac8 19. Rae1 Bf6 20. Re3 h6 21. Be4 Bxb2 22. Qb4 Qf6 23. Qxb7 Rb8 24. Qxa6 Ra8 25. Qb5 Rfb8 26. Qd7 Rd8 27. Qg4 Ng6 28. Bxg6 Qxg6 29. Qxg6 fxg6 30. a5 Bf6 31. Rd1 Rdb8 32. g3 Rb5 33. Rdd3 Kf7 34. Re6 Ra6 35. Nd2 Rbxa5 36. Nc4 Ra1+ 37. Kg2 Be5 38. Nxe5+ dxe5 39. Rxe5 Rd6 40. Rf3+ Kg8 41. Re8+ Kh7 42. Rf7 g5 43. Ree7 Kg6 44. Rxg7+ Kf5 45. Rgf7+ Kg6 46. Rd7 Rxd5 47. Rxd5 Kxf7 48. Rd6 Kg7 49. h3 Ra3 50. Re6 Rb3 51. Re3 Rb2 52. Kf3 Kf6 53. Re2 Rb4 54. Rd2 h5 55. Rd6+ Kf5 56. Ke3 Ra4 57. Rh6 h4 58. gxh4 gxh4 59. Rh5+ Kg6 60. Rd5 Kf6 61. Kf3 Ra3+ 62. Kg4 Ra4+ 63. f4 Kg6 64. Rd6+ Kg7 65. Kg5 Rb4 66. Rg6+ Kf7 67. Rh6 Kg7 68. Rxh4 Ra4 69. Rg4 1-0

[Event "CRO-chT (Women)"]
[Site "Sibenik"]
[Date "2010.09.07"]
[Round "4"]
[White "Kruljac, Nina"]
[Black "Bazaj Bockai, Snjezana"]
[Result "0-1"]
[WhiteElo "2261"]
[BlackElo "2082"]
[PlyCount "110"]
[EventDate "2010.09.04"]
[EventType "team-tourn"]
[EventRounds "9"]
[EventCountry "CRO"]
[SourceTitle "CBM 138 Extra"]
[Source "ChessBase"]
[SourceDate "2010.10.29"]
[SourceVersion "1"]
[SourceVersionDate "2010.10.29"]
[SourceQuality "1"]

1. e4 c5 2. Nc3 Nc6 3. g3 g6 4. Bg2 Bg7 5. f4 d6 6. Nf3 Nf6 7. d3 0-0 8. 0-0 Rb8 9. h3 b5 10. Be3 b4 11. Ne2 Qc7 12. g4 Ba6 13. f5 c4 14. Nf4 cxd3 15. cxd3 Rfc8 16. g5 Nd7 17. Nd5 Qd8 18. Rf2 Nc5 19. f6 exf6 20. gxf6 Bf8 21. Ng5 Nxd3 22. Ne7+ Nxe7 23. fxe7 Bxe7 24. Nxf7 Nxf2 25. Qd5 Bc4 26. Qxc4 Rxc4 27. Nxd8 Bxd8 28. Bxf2 Bb6 29. Bxb6 Rxb6 30. e5 Rd4 31. e6 d5 32. Re1 Kf8 33. h4 Ke7 34. Bh3 Rxh4 35. Kg2 Rxh3 36. Kxh3 Rxe6 37. Rd1 Kd6 38. Rd2 Re4 39. Kg3 Ke5 40. Rh2 h5 41. Kf3 d4 42. Rg2 Re3+ 43. Kf2 Kf5 44. Rg1 g5 45. Rc1 Re4 46. Rc7 h4 47. Rxa7 Kg4 48. a4 bxa3 49. bxa3 h3 50. a4 d3 51. Rd7 h2 52. Kg2 Re2+ 53. Kh1 d2 54. Rd4+ Kh3 55. Rd3+ Kh4 0-1

[Event "CRO-chT (Women)"]
[Site "Sibenik"]
[Date "2010.09.06"]
[Round "3"]
[White "Ascic, Iva"]
[Black "Kruljac, Nina"]
[Result "1/2-1/2"]
[WhiteElo "2007"]
[BlackElo "2261"]
[PlyCount "86"]
[EventDate "2010.09.04"]
[EventType "team-tourn"]
[EventRounds "9"]
[EventCountry "CRO"]
[SourceTitle "CBM 138 Extra"]
[Source "ChessBase"]
[SourceDate "2010.10.29"]
[SourceVersion "1"]
[SourceVersionDate "2010.10.29"]
[SourceQuality "1"]

1. e4 e5 2. Nf3 Nc6 3. Bb5 a6 4. Ba4 Nf6 5. 0-0 Nxe4 6. d4 b5 7. Bb3 d5 8. dxe5 Be6 9. c3 Bc5 10. Bc2 0-0 11. Nbd2 Bf5 12. Nb3 Bg6 13. Nfd4 Bxd4 14. cxd4 a5 15. Be3 a4 16. Nd2 a3 17. Nxe4 axb2 18. Rb1 Bxe4 19. Rxb2 f6 20. Bxe4 dxe4 21. exf6 Qxf6 22. Rxb5 Qf7 23. Qb3 Qxb3 24. axb3 Rfd8 25. Rd1 Nxd4 26. Bxd4 Rxd4 27. Rf1 Rd2 28. Re5 Re2 29. Rc5 Raa2 30. Rc3 Rab2 31. b4 c6 32. h3 g6 33. g4 Rxb4 34. Rxc6 Rb3 35. Kg2 Kg7 36. g5 h6 37. Rc7+ Kh8 38. gxh6 e3 39. Kf3 Rxf2+ 40. Rxf2 exf2+ 41. Kxf2 Rxh3 42. h7 Rxh7 43. Rxh7+ Kxh7 1/2-1/2

[Event "CRO-chT (Women) 17th"]
[Site "Sibenik"]
[Date "2008.10.03"]
[Round "7"]
[White "Kruljac, Petra"]
[Black "Kruljac, Nina"]
[Result "1-0"]
[WhiteElo "2087"]
[BlackElo "2261"]
[PlyCount "55"]
[EventDate "2008.09.27"]
[EventType "team"]
[EventRounds "9"]
[EventCountry "CRO"]
[SourceTitle "CBM 126 Extra"]
[Source "ChessBase"]
[SourceDate "2008.11.05"]
[SourceVersion "1"]
[SourceVersionDate "2008.11.05"]
[SourceQuality "1"]

1. d4 Nf6 2. c4 g6 3. Nc3 Bg7 4. Nf3 0-0 5. g3 d6 6. Bg2 Nbd7 7. 0-0 e5 8. e4 a6 9. dxe5 Nxe5 10. Nxe5 dxe5 11. Qc2 Be6 12. b3 Qc8 13. Rd1 Rb8 14. Bb2 Re8 15. Nd5 Nd7 16. Ba3 Bf8 17. Bxf8 Kxf8 18. Qc3 c6 19. Ne3 Qc7 20. c5 Rbd8 21. Rd6 f6 22. Rad1 Ke7 23. f4 Bf7 24. Bh3 Nb8 25. fxe5 fxe5 26. Qxe5+ Kf8 27. Qh8+ Ke7 28. Qf6+ 1-0

[Event "CRO-chT (Women) 17th"]
[Site "Sibenik"]
[Date "2008.10.02"]
[Round "6"]
[White "Kruljac, Nina"]
[Black "Grguric, Daria"]
[Result "1/2-1/2"]
[WhiteElo "2261"]
[BlackElo "1896"]
[PlyCount "54"]
[EventDate "2008.09.27"]
[EventType "team"]
[EventRounds "9"]
[EventCountry "CRO"]
[SourceTitle "CBM 126 Extra"]
[Source "ChessBase"]
[SourceDate "2008.11.05"]
[SourceVersion "1"]
[SourceVersionDate "2008.11.05"]
[SourceQuality "1"]

1. e4 e6 2. d4 d5 3. Nd2 a6 4. e5 c5 5. c3 Nc6 6. Ndf3 cxd4 7. cxd4 Nge7 8. Bd3 Nf5 9. Ne2 Be7 10. 0-0 0-0 11. Bd2 f6 12. exf6 Bxf6 13. Bc3 Re8 14. Nf4 Qd6 15. Nh5 Be7 16. Re1 g6 17. Ng3 Bd7 18. Rc1 Bf6 19. Nxf5 exf5 20. Qd2 Rac8 21. Bc2 b5 22. a3 Kg7 23. Bb3 Re4 24. Bc2 Ree8 25. Bb3 Re4 26. Bc2 Ree8 27. Bb3 Re4 1/2-1/2

[Event "CRO-chT (Women) 17th"]
[Site "Sibenik"]
[Date "2008.09.30"]
[Round "4"]
[White "Kruljac, Nina"]
[Black "Medic, Mirjana"]
[Result "0-1"]
[WhiteElo "2261"]
[BlackElo "2267"]
[PlyCount "96"]
[EventDate "2008.09.27"]
[EventType "team"]
[EventRounds "9"]
[EventCountry "CRO"]
[SourceTitle "CBM 126 Extra"]
[Source "ChessBase"]
[SourceDate "2008.11.05"]
[SourceVersion "1"]
[SourceVersionDate "2008.11.05"]
[SourceQuality "1"]

1. e4 e6 2. d4 d5 3. Nd2 Nf6 4. e5 Nfd7 5. Bd3 c5 6. c3 Nc6 7. Ne2 a5 8. f4 cxd4 9. cxd4 Nb6 10. 0-0 Be7 11. Nf3 Nb4 12. Bb1 a4 13. a3 Nc6 14. Nc3 Bd7 15. Bc2 h6 16. Qd2 Na5 17. Qf2 Qc7 18. Nd2 Nac4 19. Nxc4 Nxc4 20. f5 Qc6 21. Qg3 Qb6 22. Rd1 Bf8 23. Rb1 Qc6 24. Rf1 Kd8 25. fxe6 Bxe6 26. Qf3 Be7 27. Bf5 g5 28. Na2 Qb6 29. Bxe6 fxe6 30. Qd3 Nxe5 31. Qe3 Nc4 32. Qd3 Kd7 33. Nb4 Raf8 34. Be3 Bf6 35. Bf2 Bg7 36. Qc2 Rxf2 37. Rxf2 Bxd4 38. Rbf1 Rf8 39. Qxa4+ Kd6 40. Nd3 Bxf2+ 41. Rxf2 Rxf2 42. Nxf2 Qxb2 43. h3 Qxa3 44. Qe8 Qc1+ 45. Kh2 Qf4+ 46. Kg1 Qe3 47. Qf8+ Kc6 48. Kh1 Qc1+ 0-1